| Record ID | marc_records_scriblio_net/part09.dat:178685684:1121 |
| Source | Scriblio |
| Download Link | /show-records/marc_records_scriblio_net/part09.dat:178685684:1121?format=raw |
LEADER: 01121nam 22002891i 4500
001 76522433
003 DLC
005 19790101000000.0
008 770712s1976 pl a b 00000 pol
010 $a 76522433
015 $aP76-2504
020 $czł100.00
035 $aocl73079570
040 $cIU$dIU
041 1 $apolruseng
050 0 $aCB158$b.P72
245 00 $aProblemy metodologii prognozowania :$bwybór tekstów /$cpod red. Andrzeja Sicińskiego i Jerzego Gzuli ; [aut. przekładu z ros. Lucyna Majzner, z ang. Czesława Szczepańska].
260 0 $aWarszawa :$bKsiążka i Wiedza,$c1976$e(Warsz. :$fDRP)
300 $a507, [1] p. :$bill. ;$c21 cm.
500 $aAt head of title: Polska Akademia Nauk. Komitet Badań i Prognoz Polska 2000.
500 $aArticles translated from various publications.
504 $aIncludes bibliographical references.
650 0 $aForecasting$xAddresses, essays, lectures.
650 0 $aEconomic forecasting$xAddresses, essays, lectures.
700 10 $aSiciński, Andrzej.
700 10 $aGzuli, Jerzy.
710 20 $aPolska Akademia Nauk.$bKomitet Badań i Prognoz Polska 2000.